[Event "FIDE WCC Blitz 2016 Men"]
[Site "Doha"]
[Date "2016.12.29"]
[Round "9"]
[White "Tregubov, Pavel V"]
[Black "Inarkiev, Ernesto"]
[Result "0-1"]
[WhiteElo "2585"]
[BlackElo "2709"]
[PlyCount "112"]
[EventDate "2016.??.??"]
[EventType "blitz"]
[EventCountry "QAT"]
[SourceTitle "playchess.com"]
[Source "ChessBase"]

1. d4 Nf6 2. c4 e6 3. Nc3 Bb4 4. e3 c5 5. Bd3 O-O 6. Nge2 d5 7. cxd5 cxd4 8.
exd4 Nxd5 9. O-O Nc6 10. Nxd5 Qxd5 11. a3 Be7 12. Qc2 g6 13. Rd1 Bf6 14. Be4
Qd8 15. Bh6 Re8 16. d5 exd5 17. Bxd5 Qe7 18. Ng3 Be6 19. Ne4 Nd4 20. Qd3 Bxd5
21. Nxf6+ Qxf6 22. Be3 Nf3+ 23. gxf3 Bxf3 24. Qd6 Re6 25. Qc7 Rae8 26. Re1 Re4
27. h3 Qf5 28. Qg3 h5 29. Bd2 h4 30. Qh2 Re2 31. Rxe2 Rxe2 32. Qb8+ Kh7 33. Qf4
Qxf4 34. Bxf4 f6 35. b4 g5 36. Be3 a6 37. Rc1 Kg6 38. Bd4 Rd2 39. Be3 Ra2 40.
Rc3 Ra1+ 41. Bc1 Bc6 42. f4 gxf4 43. Kf2 Kf5 44. Rc5+ Ke4 45. Rc4+ Kd3 46. Rc5
Ra2+ 47. Kf1 Bg2+ 48. Kg1 f3 49. Rd5+ Ke4 50. Rd2 Ra1 51. Rc2 Bxh3 52. Kf2 Bg2
53. Bh6 h3 54. Rc4+ Kd3 55. Rh4 Ra2+ 56. Kg3 f2 0-1

[Event "FIDE WCC Blitz 2016 Men"]
[Site "Doha"]
[Date "2016.12.29"]
[Round "10"]
[White "Malakhov, Vladimir"]
[Black "Bologan, Victor"]
[Result "1-0"]
[WhiteElo "2713"]
[BlackElo "2640"]
[PlyCount "101"]
[EventDate "2016.??.??"]
[EventType "blitz"]
[EventCountry "QAT"]
[SourceTitle "playchess.com"]
[Source "ChessBase"]

1. Nf3 d5 2. e3 Nf6 3. c4 e6 4. b3 Be7 5. Bb2 O-O 6. Nc3 b6 7. d4 Ba6 8. Bd3 c5
9. cxd5 Bxd3 10. Qxd3 exd5 11. dxc5 bxc5 12. O-O Nc6 13. Rad1 Nb4 14. Qb1 Qb6
15. Ne2 Rfd8 16. Nf4 Qb7 17. Ng5 Ne4 18. Nxe4 dxe4 19. a3 Nd3 20. Nxd3 exd3 21.
Rxd3 Rxd3 22. Qxd3 Rb8 23. b4 cxb4 24. axb4 Bxb4 25. h4 a5 26. h5 h6 27. Rc1
Bf8 28. Be5 Rc8 29. Rb1 Qe7 30. Bd4 Qg5 31. Qa6 Qf5 32. Ra1 Rc2 33. e4 Qxe4 34.
Be3 Bb4 35. Rd1 Kh7 36. Qa7 Qf5 37. Rd7 Rb2 38. Rxf7 Rb1+ 39. Kh2 Bd6+ 40. f4
Qxh5+ 41. Kg3 Qg6+ 42. Kf3 Rb2 43. g4 Rb3 44. f5 Qg5 45. Qd4 Rb4 46. Qxb4 Bxb4
47. Bxg5 hxg5 48. Ke4 Kg8 49. Ra7 Kf8 50. Kd5 Bc3 51. Ke4 1-0

[Event "FIDE WCC Blitz 2016 Men"]
[Site "Doha"]
[Date "2016.12.29"]
[Round "10"]
[White "Salinas Herrera, Pablo"]
[Black "Jakovenko, Dmitry"]
[Result "0-1"]
[WhiteElo "2466"]
[BlackElo "2704"]
[PlyCount "82"]
[EventDate "2016.??.??"]
[EventType "blitz"]
[EventCountry "QAT"]
[SourceTitle "playchess.com"]
[Source "ChessBase"]

1. e4 c5 2. Nf3 d6 3. Bb5+ Nd7 4. O-O Ngf6 5. Re1 a6 6. Bd3 b5 7. c4 Rb8 8.
cxb5 axb5 9. a4 bxa4 10. Nc3 e5 11. Bc4 Be7 12. d3 O-O 13. Nxa4 Nb6 14. Nxb6
Qxb6 15. b3 Bg4 16. h3 Bh5 17. Bd2 Nd7 18. g4 Bg6 19. Ba5 Qb7 20. Bd5 Qc8 21.
Nd2 Re8 22. Ra4 Nf8 23. Nc4 Ne6 24. Bc3 Nf4 25. Kh2 h5 26. Rg1 hxg4 27. hxg4
Nxd5 28. exd5 Qb7 29. Ne3 Qxb3 30. Qa1 Bxd3 31. Ra3 Qb5 32. Ra5 Qd7 33. Qd1 c4
34. Qa1 Bg5 35. Rg2 Bf4+ 36. Kg1 Be4 37. Ra7 Rb7 38. Rxb7 Qxb7 39. Nf5 Bxg2 40.
Nxd6 Qxd5 41. Nxe8 Bh3 0-1

[Event "FIDE WCC Blitz 2016 Men"]
[Site "Doha"]
[Date "2016.12.29"]
[Round "10"]
[White "Darini, Pouria"]
[Black "Fressinet, Laurent"]
[Result "0-1"]
[WhiteElo "2511"]
[BlackElo "2672"]
[PlyCount "119"]
[EventDate "2016.??.??"]
[EventType "blitz"]
[EventCountry "QAT"]
[SourceTitle "playchess.com"]
[Source "ChessBase"]

1. d4 Nf6 2. Nc3 d5 3. Bf4 a6 4. e3 e6 5. Bd3 c5 6. Nf3 Nc6 7. O-O c4 8. Be2 b5
9. Ne5 Bb7 10. Bf3 Bd6 11. e4 dxe4 12. Nxe4 Nxe4 13. Bxe4 Bxe5 14. Bxe5 O-O 15.
Qh5 g6 16. Qe2 f6 17. Bxc6 Bxc6 18. Bg3 Qd5 19. f3 Rae8 20. c3 g5 21. Rae1 Kg7
22. Rf2 h5 23. h3 a5 24. a3 Rf7 25. Qe3 b4 26. axb4 axb4 27. h4 gxh4 28. Bxh4
b3 29. Qf4 Ra8 30. Rfe2 Bd7 31. Kh2 Qf5 32. Qxf5 exf5 33. Re7 Ra2 34. Rxf7+
Kxf7 35. Re2 f4 36. Bf2 Bf5 37. d5 Bd3 38. Rd2 Ke7 39. Bd4 Ra1 40. Bc5+ Kd7 41.
Bd4 Rc1 42. Rf2 Rc2 43. Kh3 Be2 44. Kh4 Rxb2 45. Bc5 Rc2 46. Ba3 b2 47. Bxb2
Rxb2 48. Kxh5 Kd6 49. Kg4 Rc2 50. Kxf4 Bd3 51. Rxc2 Bxc2 52. g4 Kxd5 53. g5
fxg5+ 54. Kxg5 Ke6 55. Kf4 Bd3 56. Kg5 Ke5 57. f4+ Ke6 58. Kg4 Kf6 59. Kf3 Kf5
60. Ke3 0-1

[Event "FIDE WCC Blitz 2016 Men"]
[Site "Doha"]
[Date "2016.12.29"]
[Round "11"]
[White "Vidit, Santosh Gujrathi"]
[Black "Howell, David W L"]
[Result "1/2-1/2"]
[WhiteElo "2689"]
[BlackElo "2644"]
[PlyCount "121"]
[EventDate "2016.??.??"]
[EventType "blitz"]
[EventCountry "QAT"]
[SourceTitle "playchess.com"]
[Source "ChessBase"]

1. d4 d5 2. c4 c6 3. Nf3 Nf6 4. e3 a6 5. Bd3 Bg4 6. Nbd2 e6 7. O-O Nbd7 8. b3
Bd6 9. Bb2 Bf5 10. Qc2 Bxd3 11. Qxd3 O-O 12. e4 dxe4 13. Nxe4 Nxe4 14. Qxe4 a5
15. a3 Nf6 16. Qe2 Re8 17. Rfd1 Qc7 18. Rd3 Rad8 19. g3 b5 20. Rc1 Qe7 21. Ne5
Rc8 22. Qf3 Bxa3 23. Bxa3 Qxa3 24. Rcd1 Qd6 25. g4 bxc4 26. bxc4 Rf8 27. Ra1 c5
28. Rxa5 cxd4 29. Qf4 Rxc4 30. g5 Nd5 31. Qe4 Rc1+ 32. Kg2 Qb6 33. Rda3 Qb7 34.
Ra7 Nf4+ 35. Kf3 Qxe4+ 36. Kxe4 Ng6 37. Nd7 Rd8 38. Ra8 Rcc8 39. Rxc8 Rxc8 40.
f4 Rd8 41. Nc5 Ne7 42. Ra7 Nf5 43. Nd3 h6 44. Ne5 Nd6+ 45. Kd3 hxg5 46. fxg5 g6
47. Ng4 Kg7 48. Ne5 Rh8 49. Rd7 Rh3+ 50. Kxd4 Nf5+ 51. Ke4 Rxh2 52. Rxf7+ Kg8
53. Rf6 Re2+ 54. Kf4 Rf2+ 55. Ke4 Nd6+ 56. Kd4 Rxf6 57. gxf6 Nf7 58. Nxg6 Kh7
59. Nf8+ Kh6 60. Nxe6 Kg6 61. Ke4 1/2-1/2

[Event "FIDE WCC Blitz 2016 Men"]
[Site "Doha"]
[Date "2016.12.29"]
[Round "11"]
[White "Fressinet, Laurent"]
[Black "Quparadze, Giga"]
[Result "1/2-1/2"]
[WhiteElo "2672"]
[BlackElo "2481"]
[PlyCount "138"]
[EventDate "2016.??.??"]
[EventType "blitz"]
[EventCountry "QAT"]
[SourceTitle "playchess.com"]
[Source "ChessBase"]

1. Nf3 c5 2. c4 Nc6 3. d4 cxd4 4. Nxd4 e6 5. g3 Nf6 6. Bg2 d5 7. O-O Bc5 8.
Nxc6 bxc6 9. Qc2 Be7 10. b3 O-O 11. Bb2 a5 12. Nd2 a4 13. e4 axb3 14. axb3 Bb7
15. h3 Qb8 16. Rxa8 Bxa8 17. Re1 Rd8 18. cxd5 cxd5 19. e5 Nd7 20. Nf3 Rc8 21.
Qd1 Nc5 22. Nd4 Qb7 23. h4 Qb6 24. Qf3 Bb7 25. Rc1 Rb8 26. Ba3 Bf8 27. Qe3 Nxb3
28. Rb1 Qxd4 29. Qxb3 Bxa3 30. Qxa3 Qxe5 31. Qa7 Qc7 32. Bf1 h6 33. Ba6 Ra8 34.
Qxb7 Qxb7 35. Bxb7 Rb8 36. Rb3 Rd8 37. Ba6 Ra8 38. Bf1 h5 39. Rb7 g6 40. Kg2
Kg7 41. Bb5 Kf6 42. Bc6 Rc8 43. Bd7 Rd8 44. Bb5 Rc8 45. Kf3 Rc3+ 46. Ke2 Rc2+
47. Ke3 Rc8 48. f3 Rc3+ 49. Ke2 Rc2+ 50. Kd3 Rg2 51. Be8 Rxg3 52. Rxf7+ Ke5 53.
Ke3 Rh3 54. Rg7 d4+ 55. Kf2 Rxh4 56. Bxg6 Rh2+ 57. Kg3 Rh1 58. Rg8 Rg1+ 59. Kf2
Rg5 60. Bf7 Rxg8 61. Bxg8 d3 62. Bh7 d2 63. Bc2 Kf4 64. Bd1 h4 65. Kg2 e5 66.
Kh3 Ke3 67. Kxh4 e4 68. fxe4 Kxe4 69. Kg4 Ke5 1/2-1/2

[Event "FIDE WCC Blitz 2016 Men"]
[Site "Doha"]
[Date "2016.12.29"]
[Round "11"]
[White "Aleksandrov, Aleksej"]
[Black "Zhang, Zhong"]
[Result "1/2-1/2"]
[WhiteElo "2574"]
[BlackElo "2645"]
[PlyCount "128"]
[EventDate "2016.??.??"]
[EventType "blitz"]
[EventCountry "QAT"]
[SourceTitle "playchess.com"]
[Source "ChessBase"]

1. d4 e6 2. c4 Nf6 3. Nc3 Bb4 4. e3 O-O 5. Bd3 d5 6. cxd5 exd5 7. Nge2 Re8 8.
O-O c5 9. a3 Bxc3 10. bxc3 Nc6 11. f3 Be6 12. Bd2 Rc8 13. Be1 cxd4 14. cxd4 Bd7
15. Qd2 b6 16. Bh4 Qe7 17. Bf2 Na5 18. Qb4 Nc4 19. Qxe7 Rxe7 20. Bxc4 Rxc4 21.
Rfc1 Bb5 22. Nc3 Bc6 23. Nd1 Rxc1 24. Rxc1 Re6 25. Nb2 h6 26. g4 g5 27. Nd3 Bb5
28. Ne5 Ne8 29. Rc3 f6 30. Nd3 Bxd3 31. Rxd3 Nd6 32. Rc3 Nc4 33. e4 b5 34. exd5
Rd6 35. a4 a6 36. axb5 axb5 37. Kf1 Rxd5 38. Ke2 Kf7 39. Rc1 Ke6 40. Rb1 Kd7
41. Kd3 Kc6 42. Ra1 Kb7 43. Rb1 Kc6 44. Ra1 Kb7 45. Re1 Rd6 46. Re7+ Kc6 47.
Rh7 Kd5 48. Rb7 Rb6 49. Rd7+ Ke6 50. Rh7 Kd5 51. Rd7+ Nd6 52. Bg3 Ke6 53. Rh7
b4 54. Kc2 b3+ 55. Kb1 Nc4 56. Rc7 Kd5 57. Rc5+ Kxd4 58. Bf2+ Kc3 59. Rxc4+
Kxc4 60. Bxb6 Kd3 61. Bd8 Ke2 62. Bxf6 Kxf3 63. Bg7 Kxg4 64. Bxh6 Kh3 1/2-1/2

[Event "FIDE WCC Blitz 2016 Men"]
[Site "Doha"]
[Date "2016.12.29"]
[Round "11"]
[White "Firouzja, Alireza"]
[Black "Kozul, Zdenko"]
[Result "1/2-1/2"]
[WhiteElo "2456"]
[BlackElo "2613"]
[PlyCount "199"]
[EventDate "2016.??.??"]
[EventType "blitz"]
[EventCountry "QAT"]
[SourceTitle "playchess.com"]
[Source "ChessBase"]

1. e4 c5 2. Nf3 e6 3. d4 cxd4 4. Nxd4 a6 5. c4 Nf6 6. Nc3 Qc7 7. a3 b6 8. Be3
Bb7 9. f3 d6 10. Be2 Nbd7 11. O-O Be7 12. Rc1 O-O 13. Qd2 Rfe8 14. b4 Rac8 15.
Nb3 Qb8 16. Kh1 Bd8 17. Rfd1 Bc7 18. Bf4 Ne5 19. Bxe5 dxe5 20. c5 b5 21. a4 Bc6
22. axb5 axb5 23. Qe1 Red8 24. Qf1 Rxd1 25. Rxd1 h5 26. Bxb5 Bb7 27. Bc4 h4 28.
b5 Bd8 29. b6 Be7 30. Qf2 h3 31. g3 Qa8 32. Ra1 Bxc5 33. Rxa8 Bxf2 34. Rxc8+
Bxc8 35. Na4 Nd7 36. Bf1 Nxb6 37. Nac5 Nd7 38. Nxd7 Bxd7 39. Bxh3 Bb5 40. Nd2
Be1 41. Bf1 Ba4 42. Nc4 Bc3 43. Kg2 Kf8 44. Bd3 Ke7 45. Kf2 g6 46. g4 Bd4+ 47.
Kg3 Bc3 48. h4 Be1+ 49. Kh3 f6 50. h5 gxh5 51. gxh5 Kf7 52. Nd6+ Kg7 53. Bc4
Bb4 54. Nb7 Bd7 55. Nd8 Kh6 56. Bxe6 Bb5 57. Bg4 Bf1+ 58. Kh2 Bd2 59. Nf7+ Kg7
60. Nd6 Kh6 61. Nf5+ Kg5 62. h6 Kg6 63. Bh5+ Kh7 64. Kg1 Ba6 65. Kf2 Bxh6 66.
Be8 Bf8 67. Bd7 Kg6 68. Kg3 Kg5 69. Be6 Bb4 70. Kg2 Kf4 71. Ng3 Be1 72. Nh5+
Kg5 73. Ng7 Be2 74. Bg4 Bd3 75. Ne6+ Kh4 76. Nc5 Bc2 77. Nd7 Kg5 78. Nc5 Bb4
79. Ne6+ Kh4 80. Bf5 Bd6 81. Nd8 Bc5 82. Nb7 Be7 83. Na5 Bd3 84. Nc6 Bc5 85.
Nd8 Bb6 86. Ne6 Bc2 87. Ng7 Be3 88. Ne8 Kg5 89. Nd6 Bd1 90. Bg4 Bc2 91. Bf5 Bc5
92. Nf7+ Kf4 93. Nh8 Bd1 94. Bg4 Bb3 95. Ng6+ Kg5 96. Nh8 Kh6 97. Bf5 Kg7 98.
Ng6 Kh6 99. Nh4 Kg5 100. Kh3 1/2-1/2

[Event "FIDE WCC Blitz 2016 Men"]
[Site "Doha"]
[Date "2016.12.29"]
[Round "12"]
[White "Hirneise, Tobias"]
[Black "Stratonowitsch, Andre"]
[Result "1-0"]
[WhiteElo "2466"]
[BlackElo "2138"]
[PlyCount "52"]
[EventDate "2016.??.??"]
[EventType "blitz"]
[EventCountry "QAT"]
[SourceTitle "playchess.com"]
[Source "ChessBase"]

1. e4 c5 2. Nf3 e6 3. d4 cxd4 4. Nxd4 Nc6 5. Nc3 Qc7 6. Be2 a6 7. Be3 Nf6 8. a3
Be7 9. f4 d5 10. e5 Nd7 11. O-O Nxd4 12. Bxd4 Bc5 13. b4 Bxd4+ 14. Qxd4 Qb6 15.
Qxb6 Nxb6 16. a4 Bd7 17. a5 Rc8 18. axb6 Rxc3 19. b5 a5 20. Bd3 O-O 21. Rxa5 f6
22. Ra7 Bc8 23. Rf3 Rc5 24. exf6 Rxf6 25. Kf2 g6 26. Ke3 Rc3 1-0

[Event "FIDE WCC Blitz 2016 Men"]
[Site "Doha"]
[Date "2016.12.29"]
[Round "12"]
[White "Pichot, Alan"]
[Black "Tregubov, Pavel V"]
[Result "1-0"]
[WhiteElo "2544"]
[BlackElo "2585"]
[PlyCount "122"]
[EventDate "2016.??.??"]
[EventType "blitz"]
[EventCountry "QAT"]
[SourceTitle "playchess.com"]
[Source "ChessBase"]

1. e4 c5 2. Nf3 e6 3. d4 cxd4 4. Nxd4 Nc6 5. Nc3 Nf6 6. Nxc6 bxc6 7. Bd3 d5 8.
O-O Be7 9. Qe2 O-O 10. b3 Bb7 11. Bb2 c5 12. Rad1 Qc7 13. Nb5 Qb6 14. e5 Nd7
15. c4 d4 16. f4 g6 17. Be4 Bxe4 18. Qxe4 a6 19. Na3 Rfd8 20. Rd3 Ra7 21. Bc1
Qb7 22. Qe1 Nb8 23. Bd2 Nc6 24. Rh3 d3 25. Rff3 Qd7 26. Qe4 Qd4+ 27. Qxd4 Nxd4
28. Rxd3 Rad7 29. Ba5 Ne2+ 30. Kf1 Rxd3 31. Bxd8 Rxd8 32. Kxe2 f6 33. Re3 fxe5
34. Rxe5 Kf7 35. Nc2 Bd6 36. Re4 g5 37. fxg5 Bxh2 38. Rh4 Bg1 39. Rxh7+ Kg6 40.
Rh6+ Kf5 41. Rf6+ Kxg5 42. Rxe6 a5 43. Ne1 Kf5 44. Ra6 Re8+ 45. Kd1 Bd4 46. Nf3
Bc3 47. Rc6 Bb4 48. Rd6 Kf4 49. Rd5 Kg3 50. Rg5+ Kf2 51. a4 Re3 52. Ne5 Rxb3
53. g4 Ra3 54. Rf5+ Ke3 55. Rf3+ Ke4 56. Rxa3 Bxa3 57. Nc6 Kd3 58. Nxa5 Bb4 59.
Nc6 Bc3 60. a5 Kxc4 61. a6 Kd5 1-0

[Event "FIDE WCC Blitz 2016 Men"]
[Site "Doha"]
[Date "2016.12.29"]
[Round "12"]
[White "Shytaj, Luca"]
[Black "Fressinet, Laurent"]
[Result "0-1"]
[WhiteElo "2435"]
[BlackElo "2672"]
[PlyCount "111"]
[EventDate "2016.??.??"]
[EventType "blitz"]
[EventCountry "QAT"]
[SourceTitle "playchess.com"]
[Source "ChessBase"]

1. b3 g6 2. Bb2 Nf6 3. Bxf6 exf6 4. c4 d5 5. cxd5 Qxd5 6. Nc3 Qa5 7. Nf3 Bf5 8.
e4 Bg4 9. h3 Bxf3 10. Qxf3 Bg7 11. Bc4 O-O 12. O-O c6 13. d4 Nd7 14. Rad1 Rad8
15. Rfe1 Nb6 16. Bf1 Rd7 17. d5 Re8 18. dxc6 bxc6 19. e5 Rxd1 20. Rxd1 Qxe5 21.
Ne2 c5 22. Nf4 f5 23. Bb5 Rb8 24. Nd3 Qe7 25. Qc6 Bd4 26. Re1 Qg5 27. Qc7 Rf8
28. Qxa7 Nd5 29. Qb7 Nc3 30. Bc4 Ne4 31. Rxe4 fxe4 32. Qxe4 Kg7 33. a4 Qd2 34.
g3 Rd8 35. Kg2 Rd6 36. Qf4 Qxf4 37. Nxf4 Bc3 38. Nd3 Bb4 39. f4 f5 40. Kf3 Kf6
41. Nxb4 cxb4 42. a5 Rd2 43. Ke3 Ra2 44. a6 Ke7 45. Kd4 Kd6 46. Bb5 Kc7 47. Kc5
Rc2+ 48. Kxb4 Kb6 49. Bc4 Rg2 50. Bg8 h5 51. a7 Kxa7 52. Kc5 Rxg3 53. b4 Rxh3
54. Bf7 Rg3 55. b5 Kb8 56. Kd4 0-1

[Event "FIDE WCC Blitz 2016 Men"]
[Site "Doha"]
[Date "2016.12.29"]
[Round "12"]
[White "Atabayev, Maksat"]
[Black "Amonatov, Farrukh"]
[Result "0-1"]
[WhiteElo "2492"]
[BlackElo "2620"]
[PlyCount "76"]
[EventDate "2016.??.??"]
[EventType "blitz"]
[EventCountry "QAT"]
[SourceTitle "playchess.com"]
[Source "ChessBase"]

1. e4 c5 2. Nf3 d6 3. Bb5+ Nd7 4. d4 cxd4 5. Qxd4 e5 6. Qd3 h6 7. c4 Ngf6 8.
Nc3 Be7 9. O-O O-O 10. Bxd7 Bxd7 11. b3 a6 12. a4 Be6 13. h3 Rc8 14. Be3 Qa5
15. Rfb1 Rfe8 16. Nd2 Nd7 17. b4 Qc7 18. Nd5 Bxd5 19. exd5 e4 20. Qb3 f5 21.
Rc1 Bf6 22. Rab1 Ne5 23. c5 Nd3 24. Rc2 Qf7 25. Nc4 Rcd8 26. Nxd6 Rxd6 27. cxd6
f4 28. Bb6 f3 29. Rc7 Qg6 30. g3 e3 31. d7 Rd8 32. d6+ Kh7 33. Qd5 Nf4 34. Qb3
Nxh3+ 35. Kf1 Nxf2 36. Bxe3 Ne4 37. Bf4 Qh5 38. Ke1 Qh1# 0-1

[Event "FIDE WCC Blitz 2016 Men"]
[Site "Doha"]
[Date "2016.12.29"]
[Round "12"]
[White "Howell, David W L"]
[Black "Firouzja, Alireza"]
[Result "0-1"]
[WhiteElo "2644"]
[BlackElo "2456"]
[PlyCount "110"]
[EventDate "2016.??.??"]
[EventType "blitz"]
[EventCountry "QAT"]
[SourceTitle "playchess.com"]
[Source "ChessBase"]

1. e4 c5 2. c3 Nf6 3. e5 Nd5 4. Nf3 d6 5. Bc4 e6 6. O-O dxe5 7. Nxe5 Bd6 8. d4
cxd4 9. cxd4 O-O 10. Re1 Nd7 11. Bxd5 exd5 12. Nc3 Nb6 13. Bf4 Bf5 14. Bg3 Rc8
15. Qf3 Be6 16. Re2 Bb8 17. Rae1 a6 18. Nd3 Rc4 19. Bxb8 Qxb8 20. Qe3 Nd7 21.
Nf4 Qd6 22. Qd2 Rc6 23. Qe3 Nf6 24. Qe5 Qd7 25. h3 h6 26. Nd3 b6 27. Qg3 Qb7
28. Nf4 Qd7 29. Nd3 Qb7 30. Re3 Bf5 31. Nf4 Qd7 32. Re5 Be6 33. Qf3 Rd6 34.
R1e3 Rc8 35. Qe2 Rcc6 36. Qxa6 Qd8 37. Re1 Nd7 38. R5e3 Qf6 39. Nfe2 Nf8 40.
Qd3 Ng6 41. Qd2 Qg5 42. Rd1 Nh4 43. Rg3 Qf6 44. Qf4 Nf5 45. Rgd3 Qg6 46. Ng3
Ne7 47. Re3 Rd8 48. Qf3 Nc8 49. Qh5 Qh7 50. Re2 Nd6 51. Qf3 Nc4 52. Qd3 g6 53.
b3 Nd6 54. Nb5 Ne8 55. a4 Rdc8 0-1

[Event "FIDE WCC Blitz 2016 Men"]
[Site "Doha"]
[Date "2016.12.30"]
[Round "13"]
[White "Saeed, Ishaq"]
[Black "Shytaj, Luca"]
[Result "1/2-1/2"]
[WhiteElo "2312"]
[BlackElo "2435"]
[PlyCount "140"]
[EventDate "2016.??.??"]
[EventType "blitz"]
[EventCountry "QAT"]
[SourceTitle "playchess.com"]
[Source "ChessBase"]

1. d4 Nf6 2. c4 e6 3. Nf3 Bb4+ 4. Nbd2 O-O 5. e3 d5 6. Bd3 dxc4 7. Bxc4 c5 8.
a3 Bxd2+ 9. Bxd2 cxd4 10. Nxd4 e5 11. Nf3 Bg4 12. Bb4 Qxd1+ 13. Rxd1 Bxf3 14.
gxf3 Rc8 15. Bd3 Nc6 16. Bc3 h6 17. Rg1 Nd5 18. Bd2 Nce7 19. Ke2 Rc7 20. f4 Nc6
21. fxe5 Nxe5 22. Be4 Nf6 23. Ba5 Re7 24. Bb1 b6 25. Bb4 Ree8 26. Ba2 Rac8 27.
Bb3 Nc4 28. Bc3 Nh5 29. Kf1 Re7 30. Rg4 Ne5 31. Re4 Rce8 32. Ba4 Ng6 33. Rg4
Rc8 34. Bb3 Kh7 35. Rd6 Ne5 36. Rh4 Nf6 37. h3 Ng6 38. Rhd4 Ne4 39. Rd7 Rxd7
40. Rxd7 Nxc3 41. bxc3 Rxc3 42. Bxf7 Ne5 43. Rxa7 Nxf7 44. Rxf7 Rxa3 45. Rb7
Rb3 46. Kg2 Kg6 47. Kf3 Kf6 48. Kf4 Rb4+ 49. e4 g5+ 50. Kf3 Rb3+ 51. Kg4 Rb4
52. f3 Rb2 53. Kh5 b5 54. Kxh6 b4 55. e5+ Kxe5 56. Kxg5 b3 57. f4+ Kd4 58. f5
Kc4 59. f6 Rg2+ 60. Kh5 Rf2 61. f7 Kc3 62. h4 b2 63. Kg6 Rg2+ 64. Kh6 Rf2 65.
Kg7 Rg2+ 66. Kh6 Rf2 67. Kg7 Rg2+ 68. Kh8 Rf2 69. Kg8 Rg2+ 70. Kf8 Kd4 1/2-1/2

[Event "FIDE WCC Blitz 2016 Men"]
[Site "Doha"]
[Date "2016.12.30"]
[Round "14"]
[White "Pichot, Alan"]
[Black "Firouzja, Alireza"]
[Result "1-0"]
[WhiteElo "2544"]
[BlackElo "2456"]
[PlyCount "81"]
[EventDate "2016.??.??"]
[EventType "blitz"]
[EventCountry "QAT"]
[SourceTitle "playchess.com"]
[Source "ChessBase"]

1. e4 c5 2. Nf3 d6 3. d4 cxd4 4. Nxd4 Nf6 5. Nc3 a6 6. a4 g6 7. Be2 Bg7 8. O-O
O-O 9. Be3 Nc6 10. Qd2 Ng4 11. Bxg4 Bxg4 12. Nd5 Rc8 13. Rac1 Bd7 14. b3 e6 15.
Nxc6 Bxc6 16. Nb6 Rb8 17. f3 d5 18. exd5 exd5 19. Rfd1 Re8 20. Bd4 Bxd4+ 21.
Qxd4 Re2 22. Re1 Qe7 23. Rxe2 Qxe2 24. h3 Re8 25. Kh2 Re5 26. Qf4 d4 27. Nc4
Rf5 28. Qxd4 Bxf3 29. Qd8+ Kg7 30. Qd4+ Kg8 31. Qd8+ Kg7 32. Qd4+ Rf6 33. Ne3
Bc6 34. Rf1 Qxe3 35. Qxe3 Rxf1 36. Qd4+ Kg8 37. Qd8+ Kg7 38. Qd4+ Kg8 39. Qd3
Kg7 40. Qd4+ Kg8 41. Qd8+ 1-0

[Event "FIDE WCC Blitz 2016 Men"]
[Site "Doha"]
[Date "2016.12.30"]
[Round "14"]
[White "Henriquez Villagra, Cristobal"]
[Black "Amonatov, Farrukh"]
[Result "1/2-1/2"]
[WhiteElo "2517"]
[BlackElo "2620"]
[PlyCount "128"]
[EventDate "2016.??.??"]
[EventType "blitz"]
[EventCountry "QAT"]
[SourceTitle "playchess.com"]
[Source "ChessBase"]

1. e4 c5 2. Nf3 d6 3. Bb5+ Nd7 4. O-O Ngf6 5. Re1 e6 6. c3 a6 7. Bd3 Be7 8. Bc2
Ne5 9. d4 Nxf3+ 10. Qxf3 O-O 11. dxc5 dxc5 12. Bf4 Bd7 13. Na3 b5 14. Rad1 Qc8
15. Bd6 Bxd6 16. Rxd6 Bc6 17. Qe3 Bb7 18. Red1 Qc7 19. c4 b4 20. Nb1 Rad8 21.
e5 Rxd6 22. Rxd6 Ng4 23. Qg3 Nh6 24. Nd2 Nf5 25. Bxf5 exf5 26. Nb3 Re8 27. h4
a5 28. h5 a4 29. h6 g6 30. Nc1 Qe7 31. Nd3 Rc8 32. f3 f6 33. Rxf6 Rd8 34. Rd6
Rxd6 35. exd6 Qe3+ 36. Nf2 Qc1+ 37. Kh2 Qxh6+ 38. Nh3 Qg7 39. b3 a3 40. Qg5 h6
41. Qd8+ Qf8 42. Qc7 Bc8 43. d7 Bxd7 44. Qxd7 Qb8+ 45. f4 Qf8 46. Qd5+ Kh7 47.
Ng1 Qb8 48. g3 Qe8 49. Qxc5 Qe1 50. Qc7+ Kg8 51. Qd8+ Kh7 52. Qd7+ Kg8 53. Qd5+
Kh7 54. Qf7+ Kh8 55. Qxg6 Qf2+ 56. Kh1 Qxa2 57. Qxh6+ Kg8 58. Qg5+ Kh8 59. Qf6+
Kg8 60. Qe6+ Kh8 61. Qe5+ Kg8 62. Qe6+ Kh8 63. Qh6+ Kg8 64. Qg6+ Kh8 1/2-1/2

[Event "FIDE WCC Blitz 2016 Men"]
[Site "Doha"]
[Date "2016.12.30"]
[Round "15"]
[White "Aleksandrov, Aleksej"]
[Black "Gholami, Aryan"]
[Result "1-0"]
[WhiteElo "2574"]
[BlackElo "2422"]
[PlyCount "147"]
[EventDate "2016.??.??"]
[EventType "blitz"]
[EventCountry "QAT"]
[SourceTitle "playchess.com"]
[Source "ChessBase"]

1. d4 Nf6 2. c4 e6 3. Nc3 Bb4 4. e3 O-O 5. Bd3 b6 6. Nge2 Bb7 7. O-O d5 8. cxd5
exd5 9. a3 Be7 10. b4 Re8 11. Qc2 Nbd7 12. Rb1 Rb8 13. b5 Bd6 14. f3 Qe7 15. a4
Rbc8 16. Bd2 c5 17. bxc6 Bxc6 18. Ba6 Rc7 19. Qb3 Nb8 20. Bd3 Rcc8 21. Nb5 Bxb5
22. axb5 Nbd7 23. Rfc1 Bb8 24. Qb4 Bd6 25. Qb3 Bb8 26. Ng3 g6 27. Rc6 h5 28.
Rbc1 Rcd8 29. Nf1 Bd6 30. Qa2 Nb8 31. R6c2 Rd7 32. Be1 Qe6 33. Bf2 Rde7 34. Rc3
Rd7 35. Bc2 Rde7 36. Bb3 Rd7 37. e4 Bf8 38. e5 Nh7 39. Ne3 Bh6 40. R1c2 Bxe3
41. Bxe3 Nf8 42. Rc7 Ree7 43. Rc8 Re8 44. Rxe8 Qxe8 45. Bxd5 Ne6 46. Bxe6 fxe6
47. h4 Rf7 48. Bg5 Qd7 49. Qc4 Rf8 50. Bf6 Qf7 51. Qc7 Nd7 52. Bg5 Qf5 53. Rf2
Qb1+ 54. Kh2 Qxb5 55. Qxa7 Qd5 56. Qa1 b5 57. Qb1 Qxd4 58. Qxg6+ Kh8 59. Qxh5+
Kg8 60. Qg6+ Kh8 61. Qh6+ Kg8 62. Qxe6+ Rf7 63. Qg6+ Rg7 64. Qe8+ Kh7 65. Rd2
Qxe5+ 66. Qxe5 Nxe5 67. Rd5 Nf7 68. Rxb5 Nxg5 69. Rxg5 Rb7 70. g4 Rb3 71. Kg3
Rb4 72. h5 Ra4 73. Rg6 Ra5 74. Rb6 1-0

[Event "FIDE WCC Blitz 2016 Men"]
[Site "Doha"]
[Date "2016.12.30"]
[Round "15"]
[White "Stratonowitsch, Andre"]
[Black "Tissir, Mohamed"]
[Result "0-1"]
[WhiteElo "2138"]
[BlackElo "2376"]
[PlyCount "81"]
[EventDate "2016.??.??"]
[EventType "blitz"]
[EventCountry "QAT"]
[SourceTitle "playchess.com"]
[Source "ChessBase"]

1. e4 c5 2. Nf3 e6 3. d4 cxd4 4. Nxd4 a6 5. c4 Nf6 6. Nc3 d6 7. Be2 Be7 8. O-O
O-O 9. Be3 Qc7 10. Rc1 b6 11. f4 Bb7 12. Bf3 Nbd7 13. f5 e5 14. Nde2 Nc5 15.
Nd5 Qd8 16. Nec3 Nxd5 17. Nxd5 Bxd5 18. cxd5 a5 19. Qd2 h6 20. a3 Nb3 21. Qf2
Nxc1 22. Rxc1 Bg5 23. Bxg5 Qxg5 24. Rc6 Rac8 25. Qxb6 Rxc6 26. Qxc6 Qe3+ 27.
Kf1 Rb8 28. Qc2 a4 29. Be2 Qd4 30. Qc3 Rxb2 31. Qxd4 exd4 32. Bd1 Ra2 33. Bxa4
Rxa3 34. Bd1 Ra2 35. Be2 Kf8 36. h3 Ke7 37. g4 Kf6 38. h4 Ke5 39. Bd3 Kf4 40.
g5 hxg5 41. hxg5 0-1

[Event "FIDE WCC Blitz 2016 Men"]
[Site "Doha"]
[Date "2016.12.30"]
[Round "15"]
[White "Debashis, Das"]
[Black "Svane, Rasmus"]
[Result "0-1"]
[WhiteElo "2472"]
[BlackElo "2555"]
[PlyCount "168"]
[EventDate "2016.??.??"]
[EventType "blitz"]
[EventCountry "QAT"]
[SourceTitle "playchess.com"]
[Source "ChessBase"]

1. d4 Nf6 2. c4 e6 3. Nc3 Bb4 4. e3 O-O 5. Bd3 d5 6. Nf3 c5 7. O-O dxc4 8. Bxc4
b6 9. Qe2 Bb7 10. Rd1 Bxc3 11. bxc3 Qc7 12. Bd3 Be4 13. Bb2 Nbd7 14. Ba6 Rad8
15. h3 e5 16. Nd2 Bb7 17. Bxb7 Qxb7 18. dxe5 Nxe5 19. c4 Qe7 20. Nf3 Nc6 21.
Nh4 Qe6 22. g4 Nd4 23. Qf1 Nc6 24. Nf5 Ne5 25. Rxd8 Rxd8 26. Rd1 Re8 27. Bxe5
Qxe5 28. Qd3 g6 29. Ng3 Kg7 30. Kg2 Qe6 31. Qc3 Kg8 32. Rd3 Ne4 33. Nxe4 Qxe4+
34. f3 Qe6 35. e4 a6 36. a4 Qc6 37. Qc2 Re6 38. Rd5 Rd6 39. Qd1 Re6 40. Rd8+
Re8 41. Rd6 Qc7 42. Qd5 Kg7 43. e5 Re7 44. Kg3 h6 45. f4 Qa7 46. Qc6 b5 47.
cxb5 axb5 48. Qxb5 c4 49. Qxc4 Qe3+ 50. Kg2 Rb7 51. Qc2 Qxf4 52. Rd3 Qxe5 53.
Qc3 Qxc3 54. Rxc3 Rb2+ 55. Kf3 Ra2 56. Rc4 Ra3+ 57. Kg2 Kf6 58. h4 Ke5 59. Rb4
f5 60. gxf5 gxf5 61. Rc4 h5 62. Rb4 Kd5 63. Kf2 Ke5 64. Ke2 f4 65. Rb5+ Ke4 66.
Rb4+ Kf5 67. Rb5+ Kg4 68. a5 Ra2+ 69. Kf1 Kf3 70. Rb3+ Kg4 71. Kg1 Rxa5 72. Kg2
Ra2+ 73. Kg1 Kxh4 74. Rb8 Kg3 75. Rg8+ Kf3 76. Rb8 Ra1+ 77. Kh2 Rd1 78. Rb5 Kg4
79. Rb3 Rd2+ 80. Kg1 Rb2 81. Rc3 Ra2 82. Rb3 f3 83. Kh1 Ra1+ 84. Kh2 f2 0-1